000 00480 a2200169 4500
005 20250627095728.0
020 _a978-0-230-57364-3
082 _aLM 510.246 STR
100 _aSTROUD, K. J.
245 _aEngineering Mathematics
250 _a6th Ed.
260 _aHampshire,
_bPalgrave Macmillan,
_c2007.
300 _axxx,1258p.: ill.; table
_bIndex
_c26cm.
700 _aBOOTH, D. J.
856 _yAccess Book Online
_fEngineering Mathematics
_dwww.palgrave.com
942 _2ddc
_cBKS
999 _c805
_d805